000
00313nam a2200121 a 4500
005
20140414132035.0
008
110322s19uu xx 00 eng d
050
_a
TR
_b
Y7 2003
100
_a
Tafuri, Nancy
245
_a
You are special, little one.
260
_a
New York :
_b
Scholastic ,
_c
2003.
999
_c
113706
_d
113706